[Event "HUN-chT2 Szechenyi 1415"]
[Site "Hungary"]
[Date "2014.12.14"]
[Round "6.2"]
[White "Egri, Laszlo"]
[Black "Farkas, Gyula"]
[Result "0-1"]
[WhiteElo "2104"]
[BlackElo "2190"]
[PlyCount "74"]
[EventDate "2014.09.07"]
[EventType "team-tourn"]
[EventRounds "11"]
[EventCountry "HUN"]
[SourceTitle "EXT 2016"]
[Source "ChessBase"]
[SourceDate "2015.10.08"]
[SourceVersion "1"]
[SourceVersionDate "2015.10.08"]
[SourceQuality "1"]
[WhiteTeam "Sarvar"]
[BlackTeam "Kisber Aszar"]
[WhiteTeamCountry "HUN"]
[BlackTeamCountry "HUN"]

1. Nf3 d5 2. g3 Nf6 3. Bg2 c5 4. 0-0 Nc6 5. d4 cxd4 6. Nxd4 Qb6 7. Nxc6 bxc6 8. c4 e6 9. Nc3 Be7 10. cxd5 cxd5 11. e4 dxe4 12. Nxe4 Nd5 13. Nc3 0-0 14. Nxd5 exd5 15. Qxd5 Ba6 16. Be3 Qxb2 17. Rfb1 Qa3 18. Rb3 Qa4 19. Qxa8 Rxa8 20. Bxa8 h5 21. Bd5 Bc4 22. Rb8+ Kh7 23. Be4+ f5 24. Bxf5+ g6 25. Be4 Bf7 26. f3 Bf6 27. Rab1 Qxa2 28. R1b7 Qa1+ 29. Kg2 Qa2+ 30. Kg1 Qa1+ 31. Bb1 Kg7 32. Rxa7 Qc3 33. Bf2 Bd4 34. Re7 Qc1+ 35. Kg2 Qd2 36. f4 Qxf2+ 37. Kh3 Qf1+ 0-1

[Event "HUN-chT2 Breyer 1314"]
[Site "Hungary"]
[Date "2014.03.23"]
[Round "7.2"]
[White "Farkas, Gyula"]
[Black "Juhasz, Mark"]
[Result "0-1"]
[WhiteElo "2197"]
[BlackElo "2159"]
[PlyCount "106"]
[EventDate "2013.09.08"]
[EventType "team-tourn"]
[EventRounds "9"]
[EventCountry "HUN"]
[SourceTitle "EXT 2016"]
[Source "ChessBase"]
[SourceDate "2015.10.08"]
[SourceVersion "1"]
[SourceVersionDate "2015.10.08"]
[SourceQuality "1"]
[WhiteTeam "Kisber Aszar"]
[BlackTeam "Zsambek"]
[WhiteTeamCountry "HUN"]
[BlackTeamCountry "HUN"]

1. e4 c5 2. Nf3 d6 3. d4 cxd4 4. Qxd4 Nc6 5. Bb5 Bd7 6. Bxc6 Bxc6 7. Nc3 Nf6 8. Bg5 e6 9. 0-0-0 Be7 10. Rhe1 0-0 11. e5 dxe5 12. Qh4 Qc7 13. Nxe5 Rfd8 14. Ng4 Nxg4 15. Bxe7 Rxd1+ 16. Nxd1 Rc8 17. c3 Ne5 18. Qg3 Qxe7 19. Rxe5 Qd6 20. Rg5 Qxg3 21. Rxg3 Rd8 22. f3 f6 23. Rg4 Kf7 24. Rh4 h6 25. Kc2 e5 26. Ne3 Ke6 27. b3 Rh8 28. a4 g5 29. Rb4 h5 30. h3 f5 31. Kd2 g4 32. Ke2 f4 33. Nf1 gxf3+ 34. gxf3 Rg8 35. Kf2 Rd8 36. Ke2 Rg8 37. Kf2 Kf5 38. h4 Rd8 39. Ke2 e4 40. fxe4+ Bxe4 41. Nd2 Bc6 42. Nc4 Rd5 43. a5 a6 44. Ke1 Rd3 45. Ke2 Rxc3 46. Nd6+ Kg4 47. Nxb7 Kg3 48. Nd6 f3+ 49. Kd2 Rc5 50. Nc4 Rd5+ 51. Kc2 f2 52. Ne3 Bb5 53. Nd1 f1Q 0-1

[Event "HUN-chT2 Breyer 1314"]
[Site "Hungary"]
[Date "2014.03.02"]
[Round "6"]
[White "Finszter, Mate"]
[Black "Farkas, Gyula"]
[Result "1/2-1/2"]
[WhiteElo "2142"]
[BlackElo "2197"]
[PlyCount "101"]
[EventDate "2013.09.08"]
[EventType "team-tourn"]
[EventRounds "9"]
[EventCountry "HUN"]
[SourceTitle "EXT 2016"]
[Source "ChessBase"]
[SourceDate "2015.10.08"]
[SourceVersion "1"]
[SourceVersionDate "2015.10.08"]
[SourceQuality "1"]
[WhiteTeam "Gyor Komszomol"]
[BlackTeam "Kisber Aszar"]
[WhiteTeamCountry "HUN"]
[BlackTeamCountry "HUN"]

1. d4 d5 2. Bf4 Nf6 3. e3 e6 4. Nf3 c5 5. c3 Nc6 6. Nbd2 Bd7 7. Bd3 Rc8 8. Ne5 Qb6 9. Rb1 h6 10. h4 Nxe5 11. dxe5 c4 12. Bc2 Ng8 13. Nf3 Bc5 14. Nd4 Ne7 15. h5 Qa5 16. a3 f5 17. g4 0-0 18. Rg1 Kh8 19. gxf5 Bxd4 20. exd4 Rxf5 21. Bxf5 Nxf5 22. Qg4 Qb6 23. Be3 Rf8 24. Qe2 Ba4 25. Rg4 Be8 26. Rg1 Nh4 27. Rg3 Nf5 28. Rh3 a5 29. Kd2 Ba4 30. Ke1 Qb3 31. Rc1 Rc8 32. Kf1 Rc6 33. Re1 Rb6 34. Bc1 Qb5 35. Kg1 Qe8 36. Kh2 Qf7 37. Rg1 Be8 38. Qg4 Qf8 39. Qe2 Rb3 40. Qg4 b5 41. Kh1 Kh7 42. Rh2 Qf7 43. f3 Kh8 44. Bf4 Kh7 45. Re1 b4 46. axb4 axb4 47. Rc1 Qa7 48. Qg1 Bf7 49. Ra1 Qb8 50. Qc1 Be8 51. Qc2 1/2-1/2

[Event "HUN-chT2 Breyer 1314"]
[Site "Hungary"]
[Date "2014.02.16"]
[Round "5.2"]
[White "Farkas, Gyula"]
[Black "Kiss, Zoltan"]
[Result "1-0"]
[WhiteElo "2197"]
[BlackElo "2108"]
[PlyCount "67"]
[EventDate "2013.09.08"]
[EventType "team-tourn"]
[EventRounds "9"]
[EventCountry "HUN"]
[SourceTitle "EXT 2016"]
[Source "ChessBase"]
[SourceDate "2015.10.08"]
[SourceVersion "1"]
[SourceVersionDate "2015.10.08"]
[SourceQuality "1"]
[WhiteTeam "Kisber Aszar"]
[BlackTeam "Pet"]
[WhiteTeamCountry "HUN"]
[BlackTeamCountry "HUN"]

1. e4 e5 2. Nf3 Nc6 3. Bb5 a6 4. Ba4 Nf6 5. d4 exd4 6. 0-0 b5 7. e5 Ne4 8. Bb3 Na5 9. Bd5 Bb7 10. Qxd4 Bxd5 11. Qxd5 f5 12. e6 dxe6 13. Qxe6+ Be7 14. Qxf5 Nf6 15. Nc3 0-0 16. Qe6+ Kh8 17. Bf4 Nh5 18. Be5 Bf6 19. Rad1 Qe8 20. Qxe8 Raxe8 21. Bxc7 Nc4 22. Rd5 g6 23. Rc5 Nxb2 24. Nd5 Nc4 25. Rc6 Re2 26. Rxa6 Rxc2 27. g4 Bb2 28. Ng5 Ng7 29. Bg3 Re2 30. Rd1 Nd2 31. Nf4 Re5 32. Nxg6+ hxg6 33. Bxe5 Bxe5 34. Rxd2 1-0

[Event "HUN-chT4 1314"]
[Site "Hungary"]
[Date "2013.10.27"]
[Round "2.1"]
[White "Farkas, Gyula"]
[Black "Rako, Istvan"]
[Result "1-0"]
[WhiteElo "2190"]
[BlackElo "2063"]
[PlyCount "113"]
[EventDate "2013.10.13"]
[EventType "team-tourn"]
[EventRounds "11"]
[EventCountry "HUN"]
[SourceTitle "EXT 2016"]
[Source "ChessBase"]
[SourceDate "2015.10.08"]
[SourceVersion "1"]
[SourceVersionDate "2015.10.08"]
[SourceQuality "1"]

1. e4 e5 2. d4 exd4 3. Qxd4 Nc6 4. Qa4 Nf6 5. Bg5 Be7 6. Nf3 0-0 7. Nc3 d6 8. 0-0-0 Ng4 9. Bxe7 Qxe7 10. Rd2 Be6 11. h3 Nge5 12. Nxe5 dxe5 13. Nd5 Bxd5 14. exd5 Nd4 15. c3 Nf5 16. Bd3 Nd6 17. Re1 f5 18. g4 g6 19. gxf5 gxf5 20. f3 Qf6 21. c4 b6 22. Qc6 Rac8 23. Kc2 Rf7 24. b4 Rd8 25. c5 e4 26. fxe4 fxe4 27. Ba6 bxc5 28. bxc5 Rb8 29. Rb1 Rxb1 30. Kxb1 Qg5 31. Rc2 Nf5 32. Qe8+ Rf8 33. Qe6+ Kg7 34. Qe5+ Kg8 35. Bc8 Qg1+ 36. Rc1 Qg7 37. Be6+ Kh8 38. Qxg7+ Kxg7 39. Re1 Ng3 40. Rg1 Rf3 41. d6 cxd6 42. c6 Rc3 43. Rxg3+ Rxg3 44. c7 Rc3 45. c8Q Rxc8 46. Bxc8 Kf6 47. Kc2 d5 48. Kc3 Ke5 49. Bg4 h6 50. a3 d4+ 51. Kc4 d3 52. Kc3 Kd5 53. Bd1 Ke5 54. Kc4 Kf4 55. Kd4 d2 56. a4 a5 57. Bg4 1-0